00714nam a2200169 a 450000100100000000500170001000800410002704000250006808200150009311001070010824500580021526001040027330000270037704900090040495201140041399900170052700002798720200930031245.0110406s19uu dr a 000 0 spa d aDO-SdBNPbspacBNPHU axxxbR426d1 aRepública DominicanabSecretaría de Estado de Deportes, Educación Física y Recreación93699710aDesiciones dictadas por los arbritros de mini basket. aSanto Domingo :bSecretaría de Estado de Deportes, Educación Física y Recreación,c[19--?]. a16 p. :bil. ;c22 cm. aBNPD 00107-18PDaPDbPDcOId2011-04-06iLF1l0oxxx R426dp27987-10r2020-06-25w2020-06-25yLFPDZNo se presta c27479d27479